Destinations de la compagnie aérienne nationale du Bélarus - Statistiques

Statistiques générales
  • Ce quiz a été pris 66 fois
  • Le résultat moyen est 7 sur 22
Statistiques - réponses
destination % Correct
Moscou
100%
Saint-Pétersbourg
90%
Istanbul
61%
Erevan
44%
Tbilissi
44%
Noursoultan
37%
Bakou
36%
Kazan
34%
Rostov-sur-le-Don
32%
Kaliningrad
27%
Nijni Novgorod
25%
Dubaï
22%
Almaty
19%
Belgrade
19%
Chișinău
19%
Krasnodar
17%
Tel Aviv
17%
Achgabat
12%
Beyrouth
12%
Sotchi
12%
Voronezh
2%
Batoumi
0%
Aucun quiz correspondant
Distribution des résultats
% des personnes avec chaque résultat
Percentile par nombre de réponses
Votre historique - résultats
Vous n’avez pas pris ce quiz